[Event "SK Münster 4 - SC Rochade Emsdetten 2"]
[Site "Verbandsliga 2018/2019"]
[Date "2018.11.24"]
[Round "4.1"]
[White "Delere, Adrian"]
[Black "Janssen, Dirk"]
[Result "1/2-1/2"]
[WhiteElo "1823"]
[BlackElo "1962"]
[PlyCount "80"]
[EventDate "2018.??.??"]
[SourceDate "2018.09.09"]

1. f4 d5 2. Nf3 g6 3. g3 Bg7 4. Bg2 c5 5. O-O Nf6 6. d3 O-O 7. Nbd2 d4 8. e4
dxe3 9. Nb3 Qc7 10. Bxe3 b6 11. Qe2 Nd5 12. Ne5 Nxe3 13. Qxe3 Bb7 14. Bxb7 Qxb7
15. Rae1 e6 16. Qe4 Qxe4 17. Rxe4 Bxe5 18. fxe5 Nc6 19. a3 Rad8 20. Rf2 Rd5 21.
Rfe2 Rc8 22. Kg2 Kf8 23. Kf3 Ke7 24. Kf4 Rc7 25. Kf3 a5 26. a4 Nd4+ 27. Nxd4
cxd4 28. Rf2 Rdc5 29. Ree2 b5 30. axb5 Rxb5 31. b3 Rcc5 32. Kf4 h6 33. h4 g5+
34. hxg5 hxg5+ 35. Kxg5 Rxe5+ 36. Kf4 Rxe2 37. Rxe2 Rf5+ 38. Ke4 Rd5 39. g4 f6
40. Rg2 Rd8 1/2-1/2

[Event "SK Münster 4 - SC Rochade Emsdetten 2"]
[Site "Verbandsliga 2018/2019"]
[Date "2018.11.24"]
[Round "4.2"]
[White "Schulz, Stefan"]
[Black "Luecke, Thomas"]
[Result "1-0"]
[WhiteElo "1877"]
[BlackElo "1833"]
[PlyCount "105"]
[EventDate "2018.??.??"]
[SourceDate "2018.09.09"]

1. d4 d5 2. Nf3 Nf6 3. c4 c6 4. cxd5 cxd5 5. Nc3 Nc6 6. Bf4 Qb6 7. a3 a6 8. e3
e6 9. Bd3 h6 10. O-O Nh5 11. Be5 Nxe5 12. Nxe5 Nf6 13. b4 Bd6 14. f4 Qd8 15.
Rf2 Bd7 16. Rc2 Rc8 17. Rac1 O-O 18. h3 Qe7 19. Nxd7 Qxd7 20. Nb1 Rxc2 21. Qxc2
Qe7 22. Nd2 Nd7 23. Nb3 g5 24. Rf1 gxf4 25. exf4 Qh4 26. Qf2 Qxf2+ 27. Rxf2 Rd8
28. g3 Nb8 29. Rc2 Nd7 30. Kf2 Kf8 31. Nc5 Bxc5 32. bxc5 Rc8 33. a4 Rc7 34. Rb2
Ke7 35. g4 f6 36. h4 Kf7 37. Rb3 e5 38. c6 bxc6 39. Bxa6 exd4 40. Rb7 Rxb7 41.
Bxb7 Nc5 42. Bxc6 Ke6 43. a5 Kd6 44. Bb5 Ne4+ 45. Kf3 Kc5 46. a6 Kb6 47. h5 Nd6
48. Bd3 Nf7 49. Ke2 Nd8 50. g5 fxg5 51. fxg5 hxg5 52. h6 Nf7 53. h7 1-0

[Event "SK Münster 4 - SC Rochade Emsdetten 2"]
[Site "Verbandsliga 2018/2019"]
[Date "2018.11.24"]
[Round "4.3"]
[White "Noering, Andreas"]
[Black "Leder, Nils"]
[Result "1/2-1/2"]
[WhiteElo "1829"]
[BlackElo "1876"]
[PlyCount "58"]
[EventDate "2018.??.??"]
[SourceDate "2018.09.09"]

1. e4 c6 2. Nf3 d5 3. Nc3 Bg4 4. h3 Bxf3 5. Qxf3 e6 6. exd5 cxd5 7. Bb5+ Nc6 8.
O-O Nf6 9. Re1 Be7 10. Bxc6+ bxc6 11. b3 O-O 12. Bb2 c5 13. d3 Rb8 14. Rad1 Qc7
15. Na4 Nd7 16. Qg4 Bf6 17. Bxf6 Nxf6 18. Qh4 c4 19. dxc4 dxc4 20. Qd4 Rfc8 21.
Nb2 cxb3 22. cxb3 Qc3 23. Nc4 Qxd4 24. Rxd4 Nd5 25. Red1 g6 26. R1d2 Rc5 27.
Ne5 Rc1+ 28. Rd1 Rxd1+ 29. Rxd1 Rc8 1/2-1/2

[Event "SK Münster 4 - SC Rochade Emsdetten 2"]
[Site "Verbandsliga 2018/2019"]
[Date "2018.11.24"]
[Round "4.4"]
[White "Spillmann, Peter"]
[Black "Teschler, Ansgar"]
[Result "1-0"]
[WhiteElo "1881"]
[BlackElo "1780"]
[PlyCount "53"]
[EventDate "2018.??.??"]
[SourceDate "2018.09.09"]

1. f4 Nf6 2. Nf3 d5 3. e3 g6 4. Be2 Bg7 5. O-O O-O 6. d3 b6 7. Nc3 Bb7 8. a4
Nbd7 9. Qe1 Re8 10. Ne5 Nxe5 11. fxe5 Nd7 12. d4 f6 13. Bf3 fxe5 14. Nxd5 c6
15. Nb4 exd4 16. Nxc6 Qc7 17. exd4 e6 18. Ne5 Bxf3 19. Nxf3 Qxc2 20. Qh4 e5 21.
Bh6 exd4 22. Bxg7 Kxg7 23. Qxd4+ Nf6 24. Rac1 Qf5 25. Rc7+ Kh6 26. Qh4+ Nh5 27.
g4 1-0

[Event "SK Münster 4 - SC Rochade Emsdetten 2"]
[Site "Verbandsliga 2018/2019"]
[Date "2018.11.24"]
[Round "4.5"]
[White "Bilecen, Simon"]
[Black "Voss, Andreas"]
[Result "1-0"]
[WhiteElo "1700"]
[BlackElo "1848"]
[PlyCount "59"]
[EventDate "2018.??.??"]
[SourceDate "2018.09.09"]

1. d4 f5 2. Bf4 Nf6 3. e3 e6 4. Be2 d5 5. Nd2 Bd6 6. Nh3 O-O 7. O-O Qe7 8. c4
c6 9. cxd5 exd5 10. Bxd6 Qxd6 11. Nf4 Nbd7 12. Qc2 Ne4 13. Nf3 Rf6 14. Nd3 Rh6
15. Rac1 Qe7 16. b4 g5 17. g3 f4 18. exf4 gxf4 19. Nxf4 Qxb4 20. Rb1 Qd6 21.
Bd3 Ndf6 22. Nd2 Ng5 23. h4 Nh3+ 24. Nxh3 Bxh3 25. Rfe1 Rf8 26. Rxb7 Ng4 27.
Ree7 Rxf2 28. Rg7+ Kf8 29. Rxg4 Rxd2 30. Qxd2 1-0

[Event "SK Münster 4 - SC Rochade Emsdetten 2"]
[Site "Verbandsliga 2018/2019"]
[Date "2018.11.24"]
[Round "4.6"]
[White "Vogenauer, Nikolas"]
[Black "Hemmers, Dieter"]
[Result "1-0"]
[WhiteElo "1817"]
[BlackElo "1784"]
[PlyCount "111"]
[EventDate "2018.??.??"]
[SourceDate "2018.09.09"]

1. e4 c5 2. Nf3 Nc6 3. Bb5 g6 4. Bxc6 dxc6 5. d3 Bg7 6. h3 Nf6 7. Nc3 O-O 8.
Be3 b6 9. a4 a5 10. Qd2 Re8 11. O-O e5 12. Nh2 Nd7 13. f4 f6 14. Rf2 Ra7 15.
Raf1 Nf8 16. b3 Ne6 17. fxe5 fxe5 18. Ne2 Nd4 19. Kh1 Be6 20. Bg5 Qd6 21. Bf6
Nxe2 22. Qxe2 Rf7 23. Bxg7 Kxg7 24. Rxf7+ Bxf7 25. Qf2 Rf8 26. Nf3 Qf6 27. Qg3
Re8 28. Kg1 Bg8 29. Nh4 Qd8 30. Rf2 Re6 31. Nf3 Qe7 32. h4 h6 33. Kf1 Kh7 34.
Kg1 Bf7 35. Kh2 Bg8 36. Qg4 Rf6 37. Qc8 Qf7 38. Nxe5 Qe7 39. Ng4 Rxf2 40. Nxf2
Qxh4+ 41. Kg1 Qf4 42. Qg4 Qc1+ 43. Qd1 Qe3 44. Kf1 Be6 45. Qe1 Qf4 46. Kg1 g5
47. Nh1 Kg6 48. Qf2 Qe5 49. Ng3 h5 50. Nf1 h4 51. Qf8 Qd4+ 52. Kh1 h3 53. Ng3
Qe3 54. Qe8+ Kf6 55. Nh5+ Ke5 56. Qb8+ 1-0

[Event "SK Münster 4 - SC Rochade Emsdetten 2"]
[Site "Verbandsliga 2018/2019"]
[Date "2018.11.24"]
[Round "4.7"]
[White "Bahr, Maximilian"]
[Black "Boerger, Andreas"]
[Result "1-0"]
[WhiteElo "1698"]
[BlackElo "1766"]
[PlyCount "61"]
[EventDate "2018.??.??"]
[SourceDate "2018.09.09"]

1. d4 d5 2. c4 c6 3. Nc3 Nf6 4. Nf3 e6 5. e3 Nbd7 6. Qc2 Bb4 7. a3 Bd6 8. Bd3
dxc4 9. Bxc4 e5 10. O-O O-O 11. Rd1 Qc7 12. h3 Re8 13. Ng5 Re7 14. b4 Nf8 15.
Bb2 exd4 16. Rxd4 Be6 17. Rad1 Be5 18. Nxe6 Nxe6 19. R4d2 Ree8 20. f4 Bxc3 21.
Bxc3 Qb6 22. Re1 Nxf4 23. Bd4 Qc7 24. Qf5 Ne4 25. Rc2 Ng6 26. Bb3 Rad8 27. Rf1
Rd7 28. Qg4 a6 29. h4 h5 30. Qxg6 Rde7 31. Qxg7# 1-0

[Event "SK Münster 4 - SC Rochade Emsdetten 2"]
[Site "Verbandsliga 2018/2019"]
[Date "2018.11.24"]
[Round "4.8"]
[White "Stumpe, Danny"]
[Black "Gerighausen, Karl Heinz"]
[Result "0-1"]
[WhiteElo "1673"]
[BlackElo "1656"]
[PlyCount "38"]
[EventDate "2018.??.??"]
[SourceDate "2018.09.09"]

1. e4 c5 2. c3 g6 3. d4 cxd4 4. cxd4 d5 5. e5 Bg7 6. Nc3 f6 7. Bb5+ Nc6 8. Qa4
fxe5 9. Bxc6+ bxc6 10. Qxc6+ Bd7 11. Qxd5 exd4 12. Nce2 e5 13. Bg5 Ne7 14. Qc5
Rc8 15. Qa3 h6 16. Bh4 g5 17. Bg3 O-O 18. Nf3 Bb5 19. Bxe5 Rxf3 0-1

[Event "SK Gescher 1 - SK Dülmen 1"]
[Site "Verbandsliga 2018/2019"]
[Date "2018.11.24"]
[Round "4.1"]
[White "Eiersbrock, Robin"]
[Black "Scho, Christian"]
[Result "1/2-1/2"]
[WhiteElo "2047"]
[BlackElo "2041"]
[PlyCount "43"]
[EventDate "2018.??.??"]
[SourceDate "2018.09.09"]

1. d4 d5 2. c4 c6 3. Nc3 dxc4 4. a4 e5 5. e3 exd4 6. exd4 Be6 7. Nf3 Nf6 8. Bg5
Nbd7 9. Be2 Be7 10. O-O Qa5 11. Re1 O-O 12. Qd2 Bb4 13. Qc2 Rfe8 14. Bxf6 Nxf6
15. Nd2 Bf5 16. Qc1 Bd3 17. Nxc4 Bxc4 18. Bxc4 Rxe1+ 19. Qxe1 Re8 20. Qc1 Bd6
21. Qd2 Qc7 22. g3 1/2-1/2

[Event "SK Gescher 1 - SK Dülmen 1"]
[Site "Verbandsliga 2018/2019"]
[Date "2018.11.24"]
[Round "4.2"]
[White "Lanfer, Stefan"]
[Black "Grund, Wolfgang"]
[Result "0-1"]
[WhiteElo "1819"]
[BlackElo "1855"]
[PlyCount "64"]
[EventDate "2018.??.??"]
[SourceDate "2018.09.09"]

1. c4 e5 2. Nc3 c6 3. d3 Bb4 4. Bd2 Nf6 5. Nf3 d6 6. g3 Bg4 7. Bg2 Nbd7 8. O-O
Bc5 9. Na4 O-O 10. Nxc5 Nxc5 11. b4 Ne6 12. Be3 Qc7 13. Nd2 Nd7 14. Nb3 f5 15.
f3 Bh5 16. Bf2 Rae8 17. Qd2 Bf7 18. Rfc1 Nf6 19. Rab1 Nd8 20. d4 e4 21. e3 exf3
22. Bxf3 Ne6 23. b5 Ng5 24. Bg2 Nge4 25. Bxe4 Nxe4 26. Qb2 Qe7 27. Re1 Bxc4 28.
bxc6 bxc6 29. Na5 Bd5 30. Rbc1 Ng5 31. Nxc6 Qe4 32. Kf1 Bxc6 0-1

[Event "SK Gescher 1 - SK Dülmen 1"]
[Site "Verbandsliga 2018/2019"]
[Date "2018.11.24"]
[Round "4.3"]
[White "Nolting, Bodo"]
[Black "Lanfer, Stefanie"]
[Result "1/2-1/2"]
[WhiteElo "1751"]
[BlackElo "1858"]
[PlyCount "27"]
[EventDate "2018.??.??"]
[SourceDate "2018.09.09"]

1. e4 c6 2. d4 d5 3. Nc3 dxe4 4. Nxe4 Nf6 5. Nxf6+ gxf6 6. g3 Qd5 7. Nf3 Bg4 8.
Bg2 h5 9. h3 Qe6+ 10. Be3 Bxf3 11. Qxf3 Bh6 12. O-O Bxe3 13. Rae1 Nd7 14. Qxe3
1/2-1/2

[Event "SK Gescher 1 - SK Dülmen 1"]
[Site "Verbandsliga 2018/2019"]
[Date "2018.11.24"]
[Round "4.4"]
[White "Iking, Bernhard"]
[Black "Rebber, Christian"]
[Result "1/2-1/2"]
[WhiteElo "1760"]
[BlackElo "1842"]
[PlyCount "43"]
[EventDate "2018.??.??"]
[SourceDate "2018.09.09"]

1. d4 d5 2. Bg5 h6 3. Bf4 Nf6 4. Nd2 Bf5 5. Ngf3 e6 6. e3 Bd6 7. Bxd6 Qxd6 8.
Be2 Nbd7 9. O-O O-O 10. c4 c5 11. cxd5 exd5 12. dxc5 Nxc5 13. Nd4 Bh7 14. Rc1
a6 15. Nb1 Rac8 16. Nc3 Rfd8 17. h3 Qb6 18. Nb3 Nxb3 19. Qxb3 Qxb3 20. axb3 d4
21. exd4 Rxd4 22. Nd5 1/2-1/2

[Event "SK Gescher 1 - SK Dülmen 1"]
[Site "Verbandsliga 2018/2019"]
[Date "2018.11.24"]
[Round "4.5"]
[White "Loedding, Detlef"]
[Black "Stein, Michael"]
[Result "1/2-1/2"]
[WhiteElo "1869"]
[BlackElo "1712"]
[PlyCount "77"]
[EventDate "2018.??.??"]
[SourceDate "2018.09.09"]

1. c4 c6 2. Nf3 d5 3. b3 e6 4. Bb2 Nd7 5. g3 Ngf6 6. Bg2 Bd6 7. O-O O-O 8. d4
Re8 9. Nc3 Ne4 10. Nxe4 dxe4 11. Ne5 f5 12. f3 Nxe5 13. dxe5 Bc5+ 14. Kh1 exf3
15. exf3 Qc7 16. Qe2 Rd8 17. Rfd1 Bd7 18. Bc3 a5 19. a4 Be8 20. f4 Rxd1+ 21.
Rxd1 Rd8 22. Bf3 Qb6 23. Rxd8 Qxd8 24. Qd2 Qxd2 25. Bxd2 b6 26. Kg2 Bd4 27. g4
g6 28. Kf1 c5 29. h3 Kf7 30. Ke2 Ke7 31. Be3 Bxe3 32. Kxe3 Kd7 33. Kf2 Ke7 34.
Kg3 Kf7 35. gxf5 gxf5 36. Bh5+ Kf8 37. Bxe8 Kxe8 38. Kh4 Kf7 39. Kg5 1/2-1/2

[Event "SK Gescher 1 - SK Dülmen 1"]
[Site "Verbandsliga 2018/2019"]
[Date "2018.11.24"]
[Round "4.6"]
[White "Brands, Julian"]
[Black "Koetting, Hans Erich"]
[Result "0-1"]
[WhiteElo "1699"]
[BlackElo "1864"]
[PlyCount "72"]
[EventDate "2018.??.??"]
[SourceDate "2018.09.09"]

1. e4 c5 2. Nc3 g6 3. g3 Bg7 4. Bg2 Nc6 5. d3 d6 6. Be3 Nf6 7. h3 O-O 8. Qd2
Re8 9. f4 Rb8 10. Nf3 e5 11. Ne2 exf4 12. gxf4 Nh5 13. c3 f5 14. O-O-O Be6 15.
a3 Na5 16. Kb1 Bb3 17. Rde1 fxe4 18. dxe4 Nc4 19. Qd3 b5 20. Nd2 Nxe3 21. Qxe3
Bf7 22. Kc2 b4 23. axb4 cxb4 24. Bf3 b3+ 25. Kc1 Qa5 26. Qd3 Rec8 27. Bxh5 Qxh5
28. Ref1 Qa5 29. f5 Rc6 30. Nd4 Qa1+ 31. Qb1 Rxc3+ 32. bxc3 Qxc3+ 33. Nc2 Bh6
34. Rf2 Rc8 35. Qb2 Qd3 36. Kd1 Rxc2 0-1

[Event "SK Gescher 1 - SK Dülmen 1"]
[Site "Verbandsliga 2018/2019"]
[Date "2018.11.24"]
[Round "4.7"]
[White "Tecklenborg, Georg"]
[Black "Robers, Frank"]
[Result "1/2-1/2"]
[WhiteElo "1782"]
[BlackElo "1637"]
[PlyCount "40"]
[EventDate "2018.??.??"]
[SourceDate "2018.09.09"]

1. e4 c5 2. Nf3 g6 3. g3 Bg7 4. Bg2 Nc6 5. O-O d6 6. c3 Nf6 7. d3 O-O 8. Nh4 d5
9. Qb3 dxe4 10. dxe4 e5 11. Be3 Qe7 12. Qb5 Nd7 13. f4 a6 14. Qb3 exf4 15. Bxf4
Nde5 16. Nd2 Be6 17. Qc2 Nc4 18. Nxc4 Bxc4 19. Rfe1 Ne5 20. Bxe5 Bxe5 1/2-1/2

[Event "SK Metelen 1 - SG Turm Raesfeld/Erle 2"]
[Site "Verbandsliga 2018/2019"]
[Date "2018.11.24"]
[Round "4.2"]
[White "Koch, Alexander"]
[Black "Broemmel, Chris"]
[Result "1-0"]
[WhiteElo "2000"]
[BlackElo "1797"]
[PlyCount "61"]
[EventDate "2018.??.??"]
[SourceDate "2018.09.09"]

1. e4 d5 2. exd5 Qxd5 3. Nc3 Qa5 4. Nf3 c6 5. Be2 Bg4 6. b4 Qc7 7. b5 a6 8.
bxc6 Nxc6 9. Nd5 Qa5 10. Ne3 Bd7 11. O-O Nf6 12. d4 e6 13. Bd2 Bb4 14. c3 Be7
15. c4 Bb4 16. Bxb4 Nxb4 17. a3 Ba4 18. Qb1 Nc6 19. c5 O-O 20. Nc4 Qc3 21. Rc1
Qb3 22. Nb6 Rad8 23. Qxb3 Bxb3 24. Rab1 Bd5 25. Nxd5 Rxd5 26. Rxb7 Nxd4 27.
Nxd4 Rxd4 28. c6 Ne4 29. c7 Nd6 30. Rb8 Ra4 31. c8=Q 1-0

[Event "SK Metelen 1 - SG Turm Raesfeld/Erle 2"]
[Site "Verbandsliga 2018/2019"]
[Date "2018.11.24"]
[Round "4.3"]
[White "Kadenbach, Wolfgang"]
[Black "Schudro, Vasily"]
[Result "1/2-1/2"]
[WhiteElo "1733"]
[BlackElo "2000"]
[PlyCount "129"]
[EventDate "2018.??.??"]
[SourceDate "2018.09.09"]

1. d4 Nf6 2. c4 g6 3. Nc3 Bg7 4. e4 d6 5. Be2 O-O 6. Bg5 c6 7. Qd2 Qc7 8. Bh6
a6 9. Rc1 e5 10. Bxg7 Kxg7 11. d5 a5 12. Nf3 Bg4 13. O-O Na6 14. Ne1 Bxe2 15.
Qxe2 Nc5 16. Nd3 Nxd3 17. Qxd3 Rad8 18. Kh1 Nh5 19. g3 Qc8 20. Kg2 f5 21. exf5
Qxf5 22. Qxf5 gxf5 23. dxc6 bxc6 24. f3 Nf6 25. Rfe1 Rf7 26. Rcd1 Ne8 27. Rxe5
Rb8 28. Re2 Kf6 29. Rde1 Nc7 30. b3 Rd7 31. Kf2 h5 32. h3 Rg8 33. Rd2 Rgd8 34.
Red1 Ke6 35. Ne2 d5 36. Nd4+ Kd6 37. Nxf5+ Kc5 38. cxd5 cxd5 39. a3 d4 40. Rc1+
Kb6 41. Rc4 Ne6 42. g4 hxg4 43. hxg4 Rh8 44. Rdxd4 Nxd4 45. Rxd4 Rc7 46. Rd3
Rhc8 47. Nd6 Rc2+ 48. Kg3 R8c3 49. Nc4+ Kc5 50. Rxc3 Rxc3 51. Nxa5 Kb5 52. Nb7
Rxb3 53. a4+ Kb6 54. Nd6 Kc6 55. Nf7 Kd7 56. g5 Ke7 57. Ne5 Ra3 58. a5 Ke6 59.
Nc6 Kf5 60. Kh4 Ra1 61. Nd4+ Kg6 62. Nb3 Ra4+ 63. Kg3 Kxg5 64. Nc5 Rxa5 65.
Ne4+ 1/2-1/2

[Event "SK Metelen 1 - SG Turm Raesfeld/Erle 2"]
[Site "Verbandsliga 2018/2019"]
[Date "2018.11.24"]
[Round "4.5"]
[White "Fasselt, Hendrik"]
[Black "Zachej, Arne"]
[Result "0-1"]
[WhiteElo "1826"]
[BlackElo "1834"]
[PlyCount "86"]
[EventDate "2018.??.??"]
[SourceDate "2018.09.09"]

1. b3 d5 2. Bb2 Bf5 3. e3 e6 4. Nf3 h6 5. Be2 Nf6 6. d3 Nbd7 7. Nbd2 Bd6 8. O-O
O-O 9. c4 c6 10. e4 dxe4 11. dxe4 Bxe4 12. Nxe4 Nxe4 13. Qd4 Ndf6 14. Rad1 Bc5
15. Qe5 Qb6 16. Bd4 Bxd4 17. Rxd4 Nc3 18. Bd3 c5 19. Rf4 Nxa2 20. Rxf6 gxf6 21.
Qxf6 Qd8 22. Qb2 Qxd3 23. Qxa2 Rfd8 24. h3 a6 25. Re1 Rd6 26. Qb2 Qf5 27. Re5
Rd1+ 28. Ne1 Qf6 29. Qe2 Rad8 30. Kh2 Qf4+ 31. g3 Qd2 32. Qg4+ Kf8 33. Re2 Qc1
34. Qh4 R8d4 35. g4 Rxe1 36. Rxe1 Qxe1 37. Qxh6+ Ke8 38. Qh8+ Kd7 39. Qf6 Ke8
40. Kg2 Qe4+ 41. Kg3 Rd3+ 42. f3 Qe1+ 43. Kf4 Rxf3+ 0-1

[Event "SK Metelen 1 - SG Turm Raesfeld/Erle 2"]
[Site "Verbandsliga 2018/2019"]
[Date "2018.11.24"]
[Round "4.6"]
[White "Wigger, Frank"]
[Black "Droste, Laurenz"]
[Result "1-0"]
[WhiteElo "1812"]
[BlackElo "1619"]
[PlyCount "72"]
[EventDate "2018.??.??"]
[SourceDate "2018.09.09"]

1. e4 e6 2. d4 b6 3. Nf3 Bb7 4. Bd3 c5 5. c3 cxd4 6. cxd4 Bb4+ 7. Nbd2 Nf6 8.
Qe2 O-O 9. O-O Nc6 10. a3 Be7 11. Re1 d6 12. Nf1 Re8 13. Ng3 Rc8 14. Bd2 Nd7
15. Rad1 Bh4 16. e5 dxe5 17. dxe5 f5 18. exf6 Qxf6 19. Bc3 Qe7 20. Qe4 g5 21.
Nxh4 Nc5 22. Qg4 h6 23. Ng6 Qf7 24. Bc2 Ne7 25. Nxe7+ Rxe7 26. Qd4 Qg7 27.
Qxg7+ Rxg7 28. Bxg7 Kxg7 29. Bb1 Bd5 30. Ne4 Nd7 31. Nc3 Nf6 32. Nxd5 exd5 33.
Re7+ Kf8 34. Rxa7 d4 35. h3 Nd5 36. Rxd4 Nf4 1-0

[Event "SK Metelen 1 - SG Turm Raesfeld/Erle 2"]
[Site "Verbandsliga 2018/2019"]
[Date "2018.11.24"]
[Round "4.7"]
[White "Suer, Julian"]
[Black "Gravenkoetter, Christian"]
[Result "1-0"]
[WhiteElo "1749"]
[BlackElo "1719"]
[PlyCount "83"]
[EventDate "2018.??.??"]
[SourceDate "2018.09.09"]

1. e4 e5 2. Nf3 Nc6 3. Bc4 Bc5 4. b4 Bxb4 5. c3 Bc5 6. d4 exd4 7. cxd4 Bb4+ 8.
Kf1 Nge7 9. Qb3 O-O 10. d5 d6 11. dxc6 Nxc6 12. Nc3 Bc5 13. Qc2 Bg4 14. Na4
Bxf3 15. Nxc5 Bxg2+ 16. Kxg2 dxc5 17. Be3 b6 18. Rhg1 Qh4 19. Kh1 Nd4 20. Bxd4
cxd4 21. Bd5 d3 22. Qxd3 Rad8 23. Qc3 g6 24. Qxc7 Rxd5 25. exd5 Qe4+ 26. Rg2
Qxd5 27. Qxa7 Ra8 28. Qxb6 Rxa2 29. Re1 Rd2 30. Qb8+ Kg7 31. Qe5+ Qxe5 32. Rxe5
Kf6 33. Rb5 h5 34. h3 Rd6 35. Rg3 Rd7 36. Kg2 Ra7 37. Rgb3 Kg7 38. Rb7 Ra8 39.
Rf3 Rf8 40. h4 Kg8 41. Rfb3 Kg7 42. Rb8 1-0

[Event "SK Metelen 1 - SG Turm Raesfeld/Erle 2"]
[Site "Verbandsliga 2018/2019"]
[Date "2018.11.24"]
[Round "4.8"]
[White "Knocks, Elmar"]
[Black "Beckmann, Felix"]
[Result "1-0"]
[WhiteElo "1660"]
[BlackElo "1492"]
[PlyCount "99"]
[EventDate "2018.??.??"]
[SourceDate "2018.09.09"]

1. c4 e5 2. Nc3 Nf6 3. d3 Nc6 4. Nf3 Bb4 5. e4 h6 6. Be3 d6 7. a3 Bxc3+ 8. bxc3
O-O 9. Be2 Ng4 10. Bd2 f5 11. h3 Nf6 12. exf5 Bxf5 13. Nh4 Bh7 14. O-O Ne4 15.
dxe4 Qxh4 16. Bg4 Bxe4 17. Be6+ Kh7 18. f3 Bd3 19. Be1 Qg5 20. Qxd3+ g6 21. Bd2
Qf6 22. Bd5 Na5 23. f4 Qh4 24. fxe5 dxe5 25. Rf7+ Rxf7 26. Bxf7 e4 27. Qe3 Nb3
28. Rf1 Nxd2 29. Qxd2 Rd8 30. Bd5 Qe7 31. Qe3 Rf8 32. Rxf8 Qxf8 33. Qxe4 c6 34.
Be6 Qxa3 35. Qd4 Qe7 36. Qd7 Qxd7 37. Bxd7 a5 38. c5 Kg7 39. Be6 Kf6 40. Bb3
Ke5 41. Kf2 g5 42. Kf3 h5 43. g4 hxg4+ 44. hxg4 a4 45. Bxa4 Kd5 46. Bb3+ Kxc5
47. Ke4 b5 48. Kf5 b4 49. cxb4+ Kxb4 50. Bf7 1-0

[Event "SF Beelen 1 - SF Telgte 1"]
[Site "Verbandsliga 2018/2019"]
[Date "2018.11.24"]
[Round "4.1"]
[White "Stoeckmann, Helmut"]
[Black "Henke, Wolfgang"]
[Result "1/2-1/2"]
[WhiteElo "1981"]
[BlackElo "1795"]
[PlyCount "29"]
[EventDate "2018.??.??"]
[SourceDate "2018.09.09"]

1. c4 g6 2. Nc3 Bg7 3. g3 d6 4. Bg2 Nd7 5. e4 e5 6. d3 f5 7. exf5 Ndf6 8. fxg6
hxg6 9. Nge2 Qe7 10. h3 Nh6 11. Bg5 c6 12. Qd2 Be6 13. Ne4 O-O-O 14. N2c3 Nf5
15. Nxf6 1/2-1/2

[Event "SF Beelen 1 - SF Telgte 1"]
[Site "Verbandsliga 2018/2019"]
[Date "2018.11.24"]
[Round "4.2"]
[White "Hofene, Dieter"]
[Black "Junker, Axel"]
[Result "1-0"]
[WhiteElo "1994"]
[BlackElo "1906"]
[PlyCount "83"]
[EventDate "2018.??.??"]
[SourceDate "2018.09.09"]

1. e4 c6 2. Ne2 g6 3. Nbc3 Bg7 4. g3 d5 5. Bg2 dxe4 6. Nxe4 Bf5 7. N2c3 Nf6 8.
Qe2 Nxe4 9. Nxe4 Bxe4 10. Qxe4 Nd7 11. O-O Nf6 12. Qe2 O-O 13. c3 Re8 14. d4
Qd7 15. f4 Rad8 16. a4 a5 17. Qc4 Qf5 18. Re1 Ra8 19. Re2 h5 20. Bd2 Qd7 21.
Rae1 e6 22. Qc5 Nd5 23. Qc4 Rec8 24. Qb3 Bf8 25. Bh3 Re8 26. Qc2 f5 27. Bg2 Kf7
28. Bf3 Bd6 29. Rg2 Rh8 30. h4 Rhe8 31. Qd1 Rh8 32. Rge2 Rae8 33. Kh2 Qc7 34.
Kh3 Qb6 35. Bc1 Nf6 36. Be3 Nd5 37. Bf2 Bb8 38. c4 Nc7 39. d5 c5 40. dxe6+ Kf6
41. Bd5 Re7 42. b4 1-0

[Event "SF Beelen 1 - SF Telgte 1"]
[Site "Verbandsliga 2018/2019"]
[Date "2018.11.24"]
[Round "4.3"]
[White "Kuhlenbaeumer, Willi"]
[Black "Hanewinkel, Winfried"]
[Result "1-0"]
[WhiteElo "1922"]
[BlackElo "1924"]
[PlyCount "65"]
[EventDate "2018.??.??"]
[SourceDate "2018.09.09"]

1. e4 d5 2. exd5 Nf6 3. d4 Bg4 4. Be2 Bxe2 5. Nxe2 Nxd5 6. O-O e6 7. c4 Nb6 8.
Nbc3 Nc6 9. b3 Be7 10. Be3 O-O 11. Qd2 e5 12. d5 Nb4 13. Rad1 Na6 14. f4 exf4
15. Bxf4 Qd7 16. Rf3 f5 17. Nd4 Bc5 18. Kh1 Bxd4 19. Qxd4 Rae8 20. h3 Nc8 21.
Be5 b6 22. Rdf1 Rf7 23. Ne4 Nd6 24. Ng5 Rfe7 25. Bxd6 Qxd6 26. Rxf5 c6 27. Qh4
h6 28. Ne6 cxd5 29. cxd5 Nc5 30. Rf8+ Rxf8 31. Rxf8+ Kh7 32. Rd8 Qe5 33. Nf8+
1-0

[Event "SF Beelen 1 - SF Telgte 1"]
[Site "Verbandsliga 2018/2019"]
[Date "2018.11.24"]
[Round "4.4"]
[White "Hanewinkel, Martin"]
[Black "Esser, Peter"]
[Result "1-0"]
[WhiteElo "1836"]
[BlackElo "1770"]
[PlyCount "69"]
[EventDate "2018.??.??"]
[SourceDate "2018.09.09"]

1. d4 Nf6 2. Nf3 e6 3. Bf4 d5 4. c3 c5 5. e3 Nc6 6. Nbd2 Bd6 7. Ne5 Qc7 8. Ndf3
Nd7 9. Bb5 O-O 10. Nxc6 bxc6 11. Bxd6 Qxd6 12. Bd3 c4 13. Bc2 e5 14. dxe5 Nxe5
15. Nxe5 Qxe5 16. Qd4 Qxd4 17. exd4 Rb8 18. b4 Bd7 19. Kd2 Rfe8 20. Rhe1 h6 21.
f4 g6 22. Re5 Rxe5 23. fxe5 Kg7 24. a4 Bf5 25. Bxf5 gxf5 26. a5 Kg6 27. Re1 Re8
28. Ke3 h5 29. h4 Re6 30. Kf4 Kg7 31. Re3 Rg6 32. Rg3 Rg4+ 33. Rxg4+ fxg4 34.
Kg5 g3 35. Kxh5 1-0

[Event "SF Beelen 1 - SF Telgte 1"]
[Site "Verbandsliga 2018/2019"]
[Date "2018.11.24"]
[Round "4.5"]
[White "Kuhlenbaeumer, Alfred"]
[Black "Austermann, Reinhold"]
[Result "0-1"]
[WhiteElo "1827"]
[BlackElo "1810"]
[PlyCount "168"]
[EventDate "2018.??.??"]
[SourceDate "2018.09.09"]

1. e4 c5 2. f4 d6 3. Bb5+ Bd7 4. Bxd7+ Nxd7 5. Nf3 g6 6. O-O Bg7 7. Nc3 a6 8.
a4 e6 9. Kh1 Ne7 10. Qe2 O-O 11. b3 Nc6 12. Bb2 Rc8 13. d3 Nd4 14. Qf2 Rc6 15.
Rab1 Qe7 16. Nd1 e5 17. Ne3 Nf6 18. Rfe1 Nxf3 19. Qxf3 exf4 20. Nd5 Qd8 21.
Nxf4 Nd7 22. Bxg7 Kxg7 23. Rf1 Qg5 24. Rbe1 Rcc8 25. Qe3 Qe5 26. Qd2 Nf6 27. c3
h6 28. g3 Rfe8 29. Ng2 b5 30. Nh4 Qh5 31. Qf4 Re6 32. d4 cxd4 33. cxd4 Qg5 34.
e5 dxe5 35. dxe5 Qxf4 36. gxf4 Nd5 37. f5 gxf5 38. Nxf5+ Kg8 39. Nd6 Rc7 40.
axb5 axb5 41. Nxb5 Rb7 42. Nd6 Rbe7 43. Kg2 Nb4 44. Rc1 Ra7 45. Rc8+ Kg7 46.
Ne8+ Kg6 47. Nf6 Rxf6 48. Rxf6+ Kg7 49. Rf4 Nd5 50. Rg4+ Kh7 51. Kf3 Ne7 52.
Rc5 Ng6 53. Ra4 Rd7 54. Ke4 Ne7 55. b4 Kg7 56. b5 Rd1 57. Rb4 f5+ 58. exf6+
Kxf6 59. b6 Rg1 60. b7 Rg4+ 61. Kf3 Rxb4 62. Rc7 h5 63. h3 Nf5 64. Rc6+ Ke5 65.
Rc5+ Ke6 66. Rc6+ Nd6 67. Rc8 Rxb7 68. Rh8 Rf7+ 69. Kg3 Nf5+ 70. Kf4 Ne7+ 71.
Kg3 Rf5 72. Rh6+ Kf7 73. Rh7+ Kf6 74. Rh8 Ng6 75. Ra8 Kg5 76. Ra4 Rc5 77. Ra3
h4+ 78. Kf3 Ne5+ 79. Ke4 Ng6 80. Kd4 Re5 81. Ra6 Re1 82. Ra5+ Kf4 83. Ra6 Ne5
84. Rf6+ Kg3 0-1